00325nam a2200121 a 4500008004100000020001500041050001600056100001600072245004100088260004100129300002400170350000900194120416s0000 ||||||||||||||||| || u a0408011831 aTK 7874 Kam aKampel, Ian10aPractical design of digital circuits aLondonbNewnes Technical Booksc1983 axviii, 301p. : ill. a0.00